1980 1759 1571 1604 1657 1687 1715 1061 1583 1419 1888 1382 1910 1045 1960 1343 1256 1709 1192 1668 1084 1940 1902 1552 1153 1469 1490 1149 1648 1509 1110 1546 1955 1194 1567 1997 1215 1450 1938 1602 1974 1132 1922 1863 1477 1177 1224 1954 1979 1326 1009 1196 1259 1341 1649 1287 1013 1085 1702 1506 1319 1765 1407 1722 1866 1931 1371 1099 1774 1827 1384 1044 1535 1333 1077 1415 1522 1940 1899 1315 1710 1640 1373 1712 1181 1568 1654 1963 1742 1425 1133 1215 1020 1585 1818 1684 1146 1609 1063 BCNSPRNW ULIB Ver.6.0+V

เปลี่ยนเป็นภาษาไทย

Change to English
 แสดงรายละเอียดบรรณานุกรม
  กลับหน้าหลัก

Brief Record : Get Marc (ISO 2709) : E-mail record : QR code < ปิดหน้าต่าง
LEADER : 00000nam 2200000uu 4500
001    13399125872
003     ULIB
008    020711s2560 th a 000 0 tha d
020    ^a9786164260344
060    ^aWB460^bว846ก
100    ^aวีระพงษ์ ชิดนอก, เอกลักษณ์ กอบสาริกรณ์.
245    ^aกายภาพบำบัดในผู้ป่วยภาวะวิกฤต = Physical Therapy in Critical Patients/^bวีระพงษ์ ชิดนอก, เอกลักษณ์ กอบสาริกรณ์.
250    พิมพ์ครั้งที่ ^a2
260    ^aพิษณุโลก :^bสำนักพิมพ์มหาวิทยาลัยนเรศวร,^c2560
300    ^a184 หน้า;^c26 ซม.
650    ^aกายภาพบำบัด
650  0 ^aผู้ป่วย-การดูแล
945    ^p350^l0^i003288
945    ^p350^l0^i003289
945    ^p350^l0^i003290
945    ^p350^l0^i003291
945    ^p350^l0^i003292
945    ^p350^l0^i003293
945    ^p350^l0^i003294
999    ^aประนอม เกษจรัล
รายการนี้ยังไม่มีแท็ก
คุณยังไม่ได้ล็อกอิน คุณสามารถมีกิจกรรมร่วมกับเว็บไซต์ได้ แต่ต้องล็อกอินก่อน ::
  ล็อกอิน

รายการสื่อสารสนเทศ

ลำดับที่ ประเภท เลขเรียก/บาร์โค้ด สถานที่ สถานะ
1. วิทยาศาสตร์การแพทย์ และสุขภาพ
หนังสือสำรอง
สถานะ=หนังสือสำรอง
WB460 ว846ก ฉ.1 
  Barcode: 003288
ห้องสมุดวิทยาเขตสวรรค์ประชารักษ์
►หนังสือทั่วไป
บนชั้น
2. วิทยาศาสตร์การแพทย์ และสุขภาพ
วิทยาศาสตร์การแพทย์ และสุขภาพ
WB460 ว846ก ฉ.2 
  Barcode: 003289
ห้องสมุดวิทยาเขตสวรรค์ประชารักษ์
►หนังสือทั่วไป
บนชั้น
3. วิทยาศาสตร์การแพทย์ และสุขภาพ
วิทยาศาสตร์การแพทย์ และสุขภาพ
WB460 ว846ก ฉ.3 
  Barcode: 003290
ห้องสมุดวิทยาเขตสวรรค์ประชารักษ์
►หนังสือทั่วไป
บนชั้น
4. วิทยาศาสตร์การแพทย์ และสุขภาพ
วิทยาศาสตร์การแพทย์ และสุขภาพ
WB460 ว846ก ฉ.4 
  Barcode: 003291
ห้องสมุดวิทยาเขตสวรรค์ประชารักษ์
►หนังสือทั่วไป
บนชั้น
5. วิทยาศาสตร์การแพทย์ และสุขภาพ
วิทยาศาสตร์การแพทย์ และสุขภาพ
WB460 ว846ก ฉ.5 
  Barcode: 003292
ห้องสมุดวิทยาเขตสวรรค์ประชารักษ์
►หนังสือทั่วไป
บนชั้น
6. วิทยาศาสตร์การแพทย์ และสุขภาพ
วิทยาศาสตร์การแพทย์ และสุขภาพ
WB460 ว846ก ฉ.6 
  Barcode: 003293
ห้องสมุดวิทยาเขตสวรรค์ประชารักษ์
►หนังสือทั่วไป
บนชั้น
7. วิทยาศาสตร์การแพทย์ และสุขภาพ
วิทยาศาสตร์การแพทย์ และสุขภาพ
WB460 ว846ก ฉ.7 
  Barcode: 003294
ห้องสมุดวิทยาเขตสวรรค์ประชารักษ์
►หนังสือทั่วไป
บนชั้น

รายการใกล้เคียง
    หัวเรื่อง [กายภาพบำบัด]
    หัวเรื่อง [ผู้ป่วย-การดูแล]

BibComment


ยังไม่เคยถูกคอมเมนท์

คอมเมนท์ทรัพยากรรายการนี้
  คอมเมนท์: กายภาพบำบัดในผู้..


 Copyright 2026. Bcnsprnw @Library